000
00309nam a2200109 4500
999
_c
13592
_d
13592
008
190328b ||||| |||| 00| 0 eng d
245
_a
DOLE still checking Chinese workers in Phl.
260
_a
Philippines
_b
The Philippine Star
_c
c2018
300
_a
page 14.
650
0
_9
37903
_a
Employment.
942
_2
ddc
_c
PER